| 000 | 00607cam a22002171 4500 | ||
|---|---|---|---|
| 001 | sa 67004060 | ||
| 003 | DLC | ||
| 005 | 20260227112343.0 | ||
| 008 | 961010s19uu pk hj b 000 0 pusr | ||
| 010 | _asa 67004060 | ||
| 035 | _a(OCoLC)35713111 | ||
| 040 |
_aDLC _cCLU _dCLU _dDLC |
||
| 042 | _apremarc | ||
| 050 | 0 | 0 |
_aPK6804 _b.H35 |
| 100 | 0 | _aHamaysh Khalīl. | |
| 245 | 1 | 0 |
_aWrakah khazānah: _cHamaysh Khalīl. |
| 260 |
_aPeṣhawar Ṣhahar, _bDar al-Taṣnīf _c[19--]- |
||
| 300 |
_av. _bfacsim., geneal. table. _c19 cm. |
||
| 504 | _aBibliography: v. 2, p. 305-307. | ||
| 650 | 0 | _aPoets, Pushto. | |
| 999 |
_c74239 _d74239 |
||